000 00845cam a22002771 4500
999 _c27347
_d27347
001 7899763
003 OSt
005 20170208102700.0
008 740924s1950 xx 000 0 eng
010 _a 51001731
015 _aGB50-8167
035 _a(OCoLC)1019992
040 _aDLC
_cTxU-Da
_dUk
_dDLC
042 _apremarc
050 0 0 _aND1260
_b.S64 1950
082 _a751.45
100 1 _aStaniland, Lancelot Norman,
_d1899-
245 1 0 _aNow we'll try oils.
260 _aLondon,
_bFoley House Press,
_c1950.
300 _a76 p.
_billus. (part col.)
_c26 cm.
504 _aBibliography: p. 73-76.
650 0 _aPainting
_xTechnique.
906 _a7
_bcbc
_coclcrpl
_du
_encip
_f19
_gy-gencatlg
942 _2lcc
_cBOOKS
_hND 1260 .S64 1950